| 000 | 01355nam0a2200325 4500 | ||
|---|---|---|---|
| 001 | RU\NLR\ONL2\25865 | ||
| 005 | 20250613224402.0 | ||
| 010 |
_a978-5-7289-0304-8 _9350 |
||
| 035 | _a(NLR Aleph) 010212820 | ||
| 090 |
_a10281689 _c10281689 |
||
| 100 | _a20130410d2012 |||y0rusy50 ca | ||
| 101 | 0 | _akrc | |
| 102 | _aRU | ||
| 105 | _ay ||||||||| | ||
| 200 | 1 |
_aКъарачай халкъда хайырландынгъан адам атла _eантропонинимика сёзлюк _fШаманланы Ибрагим, Лайпанланы Рашид |
|
| 210 |
_aЧеркесск _cКъарачай-Черкес респ. кърал китаб басма _d2012 |
||
| 215 |
_a173,[2] с. _d20 |
||
| 541 | 1 |
_6z01790 _aКарачаевская антропонимика _eсловарь-справочник _zrus |
|
| 606 | 0 |
_aКарачаево-балкарский язык _xАнтропонимика _91367057 _3RU\NLR\auth\66572429 |
|
| 686 | 1 | _aШ163.29-424 | |
| 700 | 1 |
_aШаманланы _bИ. _gИбрагим _4070 |
|
| 701 | 1 |
_aЛайпанланы _bР. _gРашид _4070 |
|
| 790 | 1 |
_6z01541 _aШаманов _bИ. М. _gИбрагим Магомедович _4070 |
|
| 801 | 0 |
_aRU _bNLR _c20130410 _gPSBO |
|
| 852 |
_aNLR _jКарач./2-1176 _m3411 |
||
| 852 |
_aNLR _bОНЛ |
||
| 942 | _cBOOK | ||
| 980 | _aNB | ||
| 980 | _aONL_RF | ||